'Kyrgyzstan' Countries Quiz Stats

 Plays Quiz Updated Jul 2, 2018

Challenge
Share
Tweet
Embed
Score 0/84 Timer 09:00
2 Plays Today
Letter Country % Correct
YFreebie!
99.8%
YYemen
95.7%
ZZimbabwe
91.4%
ZZambia
90%
RRwanda
85%
RRussia
84.8%
KKazakhstan
84.3%
SSweden
82.1%
SSouth Korea
81.2%
RRomania
81%
KKenya
80.8%
TTurkey
79.9%
AAustralia
79.6%
SSudan
79.2%
GGermany
78%
SSouth Sudan
77.9%
SSwitzerland
77.7%
AAustria
77.7%
KKyrgyzstan
77.1%
SSpain
76.8%
GGuinea
76.1%
TTurkmenistan
75.9%
AArmenia
75.9%
SSouth Africa
75.2%
AArgentina
74.7%
AAlbania
74.7%
AAzerbaijan
74.4%
NNamibia
73.6%
Letter Country % Correct
NNiger
73.6%
GGuyana
73.4%
NNigeria
73.1%
AAndorra
72.6%
AAlgeria
72.4%
NNorway
72.2%
SSlovakia
71.5%
GGhana
71.3%
KKosovo
71.2%
SSlovenia
71%
KKiribati
71%
AAfghanistan
70.9%
SSt. Kitts and Nevis
70.9%
GGuinea-Bissau
69.5%
GGabon
69.2%
G(The) Gambia
69.2%
SSomalia
69.2%
TTajikistan
69.2%
NNorth Korea
69.2%
TThailand
68.8%
AAngola
68.7%
KKuwait
68.4%
SSt. Lucia
68.2%
SSuriname
67.9%
SSyria
67.9%
NNew Zealand
67.5%
NNicaragua
67%
SSt. Vincent-Grenadines
66.7%
Letter Country % Correct
GGeorgia
66.5%
NNetherlands
66%
NNepal
66%
GGreece
66%
SSerbia
65.9%
GGuatemala
65.9%
TTogo
65.3%
SSan Marino
64.7%
TTanzania
64.5%
NNauru
63.9%
SSeychelles
63.1%
SSenegal
62.9%
TTuvalu
62.5%
GGrenada
62.4%
SSaudi Arabia
61%
TTrinidad and Tobago
60.9%
TTonga
59.9%
TTaiwan
59.6%
SSingapore
59.2%
TTunisia
58.5%
AAntigua and Barbuda
57.9%
SSamoa
57.4%
SSri Lanka
57.1%
SSão Tomé and Príncipe
56.5%
SSolomon Islands
55%
SSierra Leone
51.1%
RRepublic of the Congo
50.8%
TTimor-Leste
47.7%

You're not logged in!

Compare scores with friends on all Sporcle quizzes.
OR
Log In

You Might Also Like...

Show Comments

Extras

Top Quizzes Today


Score Distribution

Your Account Isn't Verified!

In order to create a playlist on Sporcle, you need to verify the email address you used during registration. Go to your Sporcle Settings to finish the process.

Report this User

Report this user for behavior that violates our Community Guidelines.

Details: